| 000 -LEADER |
| fixed length control field |
00327nab a2200121 4500 |
| 008 - FIXED-LENGTH DATA ELEMENTS--GENERAL INFORMATION |
| fixed length control field |
180827b ||||| |||| 00| 0 eng d |
| 100 ## - MAIN ENTRY--PERSONAL NAME |
| Personal name |
Das, Biren |
| 245 ## - TITLE STATEMENT |
| Title |
Global university rankings and Indian higher education |
| 300 ## - PHYSICAL DESCRIPTION |
| Extent |
p.3-9. |
| 650 ## - SUBJECT ADDED ENTRY--TOPICAL TERM |
| Topical term or geographic name as entry element |
Education |
| 9 (RLIN) |
461 |
| 773 ## - HOST ITEM ENTRY |
| Main entry heading |
Kurukshetra |
| 942 ## - ADDED ENTRY ELEMENTS (KOHA) |
| Source of classification or shelving scheme |
|
| Item type |
Articles |